[Event "Prague op"]
[Site "Prague"]
[Date "2025.03.04"]
[Round "6"]
[White "Kolb, Tobias"]
[Black "Grigoryan, Karen H"]
[Result "0-1"]
[WhiteElo "2410"]
[BlackElo "2554"]
[PlyCount "166"]
[EventDate "2025.02.27"]
[EventType "swiss"]
[EventRounds "9"]
[EventCountry "CZE"]
[SourceTitle "CB11_2025"]
[SourceDate "2025.03.12"]
[SourceVersion "1"]
[SourceVersionDate "2025.03.12"]
[SourceQuality "1"]

1. d4 f5 2. Nf3 Nf6 3. c4 e6 4. g3 Bb4+ 5. Nbd2 0-0 6. a3 Bxd2+ 7. Bxd2 d6 8. Bg2 Qe7 9. Bc3 Ne4 10. Qc2 Nd7 11. b4 Nxc3 12. Qxc3 e5 13. dxe5 dxe5 14. 0-0 e4 15. Nd4 f4 16. gxf4 Rxf4 17. Qg3 Rf7 18. Qxc7 Qf6 19. Bxe4 Nb6 20. Qc5 Bh3 21. Nf3 Bxf1 22. Rxf1 Rc8 23. Qe3 Nxc4 24. Qd3 Kh8 25. Rc1 b5 26. Qd5 Re8 27. Bd3 Ne5 28. Qxb5 Rff8 29. Be4 Qf4 30. Rc5 Qxe4 31. Rxe5 Qg4+ 32. Kf1 Rd8 33. Rd5 Qe4 34. Rxd8 Rxd8 35. Qe5 Qc6 36. Kg2 Re8 37. Qf5 a6 38. h3 h6 39. Qd3 Qe6 40. Nd4 Qd5+ 41. Kh2 Rd8 42. e3 Rf8 43. Qc2 Qe5+ 44. Kg2 Qg5+ 45. Kh2 Qh4 46. Kg2 Qg5+ 47. Kh2 Qe5+ 48. Kg2 Rf6 49. Ne2 Qd5+ 50. e4 Qg5+ 51. Ng3 h5 52. Qc8+ Kh7 53. h4 Qxh4 54. e5 Rg6 55. Qf5 Qg4 56. Qxg4 Rxg4 57. Kf3 g6 58. Ne4 Kg7 59. a4 Rg1 60. b5 a5 61. Nd6 h4 62. b6 h3 63. b7 h2 64. b8Q h1Q+ 65. Ke3 Re1+ 66. Kd4 Rd1+ 67. Kc5 Qd5+ 68. Kb6 Rd4 69. Qc7+ Kh6 70. Qe7 Rf4 71. Nb5 Rf7 72. Qh4+ Kg7 73. Nd6 Qb3+ 74. Ka6 Rf8 75. Qe7+ Kg8 76. Ne8 Qc4+ 77. Kxa5 Rf7 78. Nf6+ Kg7 79. Qd6 Ra7+ 80. Kb6 Ra6+ 81. Kb7 Rxd6 82. Ne8+ Kf8 83. Nxd6 Qxa4 0-1

[Event "Prague op"]
[Site "Prague"]
[Date "2025.03.02"]
[Round "4"]
[White "Kolb, Tobias"]
[Black "Vykouk, Jan"]
[Result "0-1"]
[WhiteElo "2410"]
[BlackElo "2478"]
[PlyCount "110"]
[EventDate "2025.02.27"]
[EventType "swiss"]
[EventRounds "9"]
[EventCountry "CZE"]
[SourceTitle "CB11_2025"]
[SourceDate "2025.03.12"]
[SourceVersion "1"]
[SourceVersionDate "2025.03.12"]
[SourceQuality "1"]

1. d4 Nf6 2. c4 e6 3. Nc3 Bb4 4. e3 0-0 5. Bd2 d5 6. Nf3 b6 7. Rc1 Re8 8. cxd5 exd5 9. Bd3 Bf8 10. Ne5 Bb7 11. 0-0 c5 12. Be1 Nc6 13. Nxc6 Bxc6 14. b3 Qd7 15. Ne2 Bd6 16. Ng3 cxd4 17. exd4 Bb5 18. Bxb5 Qxb5 19. Nf5 Bxh2+ 20. Kxh2 Qxf1 21. Qd2 Qe2 22. Qg5 Qh5+ 23. Qxh5 Nxh5 24. Bd2 h6 25. Rc7 Nf6 26. Bf4 Red8 27. f3 Rd7 28. Ne7+ Kh7 29. Rxd7 Nxd7 30. Nxd5 Re8 31. Nc3 g5 32. Bd2 Kg6 33. Kg3 f5 34. Kf2 Nf6 35. Nb5 Nd5 36. a4 a6 37. Nd6 Re7 38. Nc4 f4 39. Ne5+ Kf5 40. Ke2 h5 41. Kd3 b5 42. Nc6 Re6 43. Nd8 Rf6 44. Nb7 g4 45. fxg4+ hxg4 46. Nc5 g3 47. axb5 axb5 48. Ke2 Kg4 49. Nd7 Ra6 50. Kd3 Kf5 51. Ne5 Ra3 52. Kc2 Ke4 53. Nf3 Ra2+ 54. Kb1 Rxd2 55. Nxd2+ Kxd4 0-1

[Event "Staufer op 35th"]
[Site "Schwaebisch Gmuend"]
[Date "2025.01.06"]
[Round "9"]
[White "Kolb, Tobias"]
[Black "Harshavardhan, GB."]
[Result "1-0"]
[WhiteElo "2342"]
[BlackElo "2405"]
[PlyCount "73"]
[EventDate "2025.01.02"]
[EventType "swiss"]
[EventRounds "9"]
[EventCountry "GER"]
[SourceTitle "CB02_2025"]
[SourceDate "2025.01.08"]
[SourceVersion "1"]
[SourceVersionDate "2025.01.08"]
[SourceQuality "1"]

1. d4 Nf6 2. c4 e6 3. Nc3 Bb4 4. e3 b6 5. Nge2 Ne4 6. Bd2 Nxd2 7. Qxd2 Bb7 8. a3 Be7 9. d5 d6 10. dxe6 fxe6 11. Nf4 Qd7 12. Be2 e5 13. Nfd5 Bd8 14. Ne4 0-0 15. Rd1 Qe6 16. 0-0 Na6 17. b4 Kh8 18. Bf3 c6 19. Ndc3 Be7 20. b5 cxb5 21. cxb5 Rxf3 22. bxa6 Bxe4 23. Nxe4 Rff8 24. Nc3 Rac8 25. Qd5 Qd7 26. Ne4 Qa4 27. Qb7 Bh4 28. Nxd6 Bxf2+ 29. Kh1 Rb8 30. Qd5 Qd7 31. Qxe5 Qg4 32. h3 Qg6 33. Rxf2 Rxf2 34. Nf7+ Kg8 35. Qxb8+ Kxf7 36. Rd7+ Ke6 37. Rd6+ 1-0

[Event "Bamberg op 6th"]
[Site "Bamberg"]
[Date "2024.09.08"]
[Round "7"]
[White "Yelisieiev, Yevhenii"]
[Black "Kolb, Tobias"]
[Result "0-1"]
[WhiteElo "2408"]
[BlackElo "2347"]
[PlyCount "42"]
[EventDate "2024.09.04"]
[EventType "swiss"]
[EventRounds "7"]
[EventCountry "GER"]
[SourceTitle "EXT 2025"]
[Source "ChessBase"]
[SourceDate "2024.10.14"]
[SourceVersion "1"]
[SourceVersionDate "2024.10.14"]
[SourceQuality "1"]

1. d4 d5 2. c4 e6 3. Nf3 Nf6 4. Nc3 Nbd7 5. Bf4 Bb4 6. cxd5 exd5 7. e3 Ne4 8. Qc2 g5 9. Be5 Nxe5 10. Nxe5 c6 11. Bd3 f6 12. Nf3 Qe7 13. 0-0 Bxc3 14. bxc3 Nd6 15. Nd2 Be6 16. c4 dxc4 17. Nxc4 Bxc4 18. Bxc4 h5 19. Bb3 h4 20. e4 0-0-0 21. Rfe1 Kb8 0-1

[Event "Bamberg op 6th"]
[Site "Bamberg"]
[Date "2024.09.05"]
[Round "3"]
[White "Deschler, Arne"]
[Black "Kolb, Tobias"]
[Result "0-1"]
[WhiteElo "2035"]
[BlackElo "2347"]
[PlyCount "82"]
[EventDate "2024.09.04"]
[EventType "swiss"]
[EventRounds "7"]
[EventCountry "GER"]
[SourceTitle "EXT 2025"]
[Source "ChessBase"]
[SourceDate "2024.10.14"]
[SourceVersion "1"]
[SourceVersionDate "2024.10.14"]
[SourceQuality "1"]

1. e4 e5 2. Nf3 Nc6 3. Nc3 Nf6 4. d4 exd4 5. Nxd4 Bb4 6. Nxc6 bxc6 7. Bd3 d5 8. exd5 0-0 9. 0-0 cxd5 10. h3 c6 11. Qf3 Bd6 12. Bf4 Be6 13. Rad1 Rb8 14. b3 Rb4 15. Ne2 Bxf4 16. Nxf4 Qc7 17. c4 Bc8 18. Nh5 Nxh5 19. Qxh5 g6 20. Qe2 Be6 21. Rfe1 a5 22. Rc1 Qa7 23. cxd5 cxd5 24. Rc6 a4 25. Ra6 Qd4 26. Rxa4 Rxa4 27. bxa4 Qxa4 28. Qc2 Ra8 29. Qxa4 Rxa4 30. Re2 d4 31. Bb5 Rxa2 32. Kf1 Kg7 33. Re1 Kf6 34. h4 Rb2 35. Bc6 Bc4+ 36. Kg1 d3 37. Bf3 d2 38. Ra1 Rc2 39. Kh2 Rc1 40. Ra4 Bb3 41. Ra6+ Kg7 0-1

[Event "Budapest One Week IM-A 08"]
[Site "Budapest"]
[Date "2024.08.20"]
[Round "9"]
[White "Fisabilillah, Ummi"]
[Black "Kolb, Tobias"]
[Result "0-1"]
[WhiteElo "2123"]
[BlackElo "2315"]
[PlyCount "84"]
[EventDate "2024.08.14"]
[EventType "tourn"]
[EventRounds "9"]
[EventCountry "HUN"]
[SourceTitle "EXT 2025"]
[Source "ChessBase"]
[SourceDate "2024.10.14"]
[SourceVersion "1"]
[SourceVersionDate "2024.10.14"]
[SourceQuality "1"]

1. e4 c6 2. Nc3 d5 3. Qf3 dxe4 4. Nxe4 Nd7 5. d4 Ngf6 6. Bd3 Nxe4 7. Bxe4 Nf6 8. c3 Nxe4 9. Qxe4 Qd5 10. Qxd5 cxd5 11. a4 a5 12. Ne2 Bf5 13. Bf4 e6 14. Kd2 f6 15. h4 h5 16. Rhe1 Kd7 17. Nc1 Be7 18. Nd3 Rhc8 19. Bg3 Ra6 20. Nf4 Rb6 21. Ra2 g6 22. Nd3 Rc4 23. f3 Rb3 24. Nc1 Rb6 25. Nd3 Bf8 26. Bf4 e5 27. Be3 Re6 28. b3 Rc8 29. Nc5+ Bxc5 30. dxc5 b6 31. cxb6 d4 32. cxd4 exd4 33. Bf2 Rxb6 34. Rc1 Rxb3 35. Rxc8 Kxc8 36. Ke1 Rb4 37. Rd2 d3 38. Ra2 Rb1+ 39. Kd2 Be6 40. Ra3 Rb2+ 41. Ke1 d2+ 42. Kd1 Bb3+ 0-1

[Event "Budapest One Week IM-A 08"]
[Site "Budapest"]
[Date "2024.08.17"]
[Round "5"]
[White "Ramya, Krishna Inapuri"]
[Black "Kolb, Tobias"]
[Result "0-1"]
[WhiteElo "2085"]
[BlackElo "2315"]
[PlyCount "88"]
[EventDate "2024.08.14"]
[EventType "tourn"]
[EventRounds "9"]
[EventCountry "HUN"]
[SourceTitle "EXT 2025"]
[Source "ChessBase"]
[SourceDate "2024.10.14"]
[SourceVersion "1"]
[SourceVersionDate "2024.10.14"]
[SourceQuality "1"]

1. d4 d5 2. Nc3 Nf6 3. Bf4 a6 4. e3 b5 5. Bd3 e6 6. Nf3 c5 7. dxc5 Bxc5 8. e4 Bb7 9. exd5 Nxd5 10. Nxd5 Bxd5 11. 0-0 Nd7 12. Qe2 0-0 13. c4 bxc4 14. Bxc4 Bxc4 15. Qxc4 Qb6 16. Rad1 Rac8 17. Qe2 Nf6 18. Ne5 Qb7 19. Nd3 Nd5 20. Be5 Be7 21. Rc1 Qb5 22. Qf3 h6 23. h3 Bg5 24. Rxc8 Rxc8 25. g3 Rc2 26. h4 Be7 27. Nf4 Nxf4 28. Qxf4 Bc5 29. Bc3 Qe2 30. Kg2 Qd3 31. Qf3 Qd5 32. g4 Qxa2 33. Qa8+ Bf8 34. Rd1 Qc4 35. Kg3 Qc5 36. Qf3 Qc7+ 37. Kg2 Qa7 38. Rd8 Qe7 39. Ra8 Qxh4 40. Bb4 Rxf2+ 41. Qxf2 Qxg4+ 42. Kh2 Qxb4 43. Rxa6 Bd6+ 44. Kg2 Qb7+ 0-1

[Event "Munich op-A 2nd"]
[Site "Munich"]
[Date "2024.06.01"]
[Round "8"]
[White "Nguyen, Alex Dac Vuong"]
[Black "Kolb, Tobias"]
[Result "1-0"]
[WhiteElo "2371"]
[BlackElo "2313"]
[PlyCount "107"]
[EventDate "2024.05.26"]
[EventType "swiss"]
[EventRounds "9"]
[EventCountry "GER"]
[SourceTitle "CBM 220 Extra"]
[Source "ChessBase"]
[SourceDate "2024.07.31"]
[SourceVersion "1"]
[SourceVersionDate "2024.07.31"]
[SourceQuality "1"]

1. e4 e5 2. Nf3 Nc6 3. Bb5 a6 4. Ba4 Nf6 5. 0-0 Be7 6. Re1 b5 7. Bb3 d6 8. c3 0-0 9. h3 Nb8 10. d4 Nbd7 11. Nbd2 Bb7 12. Bc2 Re8 13. a4 Bf8 14. Bd3 c6 15. b3 Qc7 16. Bb2 Nh5 17. Bf1 Nf4 18. g3 Ne6 19. h4 Be7 20. Bg2 Bf6 21. Nf1 h5 22. Ne3 Rad8 23. Qc2 Rc8 24. Qe2 Qb8 25. axb5 axb5 26. Bh3 Rcd8 27. Red1 g6 28. Ra2 Bg7 29. Bg2 Nc7 30. Qc2 exd4 31. cxd4 c5 32. d5 Bxb2 33. Rxb2 Nf6 34. Ng5 b4 35. Qe2 Bc8 36. Qf3 Kg7 37. Bf1 Re7 38. Qf4 Ng4 39. Nxg4 Bxg4 40. f3 Bc8 41. g4 Qb6 42. gxh5 Rh8 43. hxg6 fxg6 44. Kh2 Ne8 45. Bh3 Bxh3 46. Kxh3 Nf6 47. Ne6+ Kf7 48. Rg2 Qa6 49. Rxg6 Kxg6 50. Qg5+ Kh7 51. Qxf6 Ra7 52. Qf5+ Kg8 53. Rg1+ Rg7 54. Rxg7# 1-0

[Event "Munich op-A 2nd"]
[Site "Munich"]
[Date "2024.05.31"]
[Round "7"]
[White "Kolb, Tobias"]
[Black "Avdic, Faris"]
[Result "1-0"]
[WhiteElo "2313"]
[BlackElo "2205"]
[PlyCount "115"]
[EventDate "2024.05.26"]
[EventType "swiss"]
[EventRounds "9"]
[EventCountry "GER"]
[SourceTitle "CBM 220 Extra"]
[Source "ChessBase"]
[SourceDate "2024.07.31"]
[SourceVersion "1"]
[SourceVersionDate "2024.07.31"]
[SourceQuality "1"]

1. e4 c5 2. Nf3 d6 3. d4 cxd4 4. Nxd4 Nf6 5. Nc3 g6 6. Be3 Bg7 7. f3 0-0 8. Qd2 Nc6 9. 0-0-0 Bd7 10. g4 Rc8 11. h4 Ne5 12. h5 Qa5 13. Nb3 Qc7 14. Be2 b5 15. hxg6 fxg6 16. Bd4 Nc4 17. Bxc4+ Qxc4 18. Rh2 Rf7 19. Rdh1 b4 20. Nd1 a5 21. g5 Nh5 22. Bxg7 Kxg7 23. Ne3 Qa6 24. Nd4 e6 25. Ng4 e5 26. Nh6 exd4 27. Qxd4+ Kf8 28. Nxf7 Kxf7 29. f4 Qc6 30. Rd1 Qc5 31. Qxd6 Qxd6 32. Rxd6 Bc6 33. e5 Be4 34. Rd7+ Ke6 35. Rxh7 Nxf4 36. Ra7 Rc5 37. Ra6+ Kxe5 38. Rf6 Ne6 39. Re2 Nd4 40. Rh2 Bxc2 41. Kd2 Bf5 42. Ke3 Ne6 43. Rh8 Nxg5 44. Ra6 Rd5 45. Rha8 Rd3+ 46. Ke2 Kf4 47. Rxa5 Nf3 48. Rxf5+ gxf5 49. Kxd3 Ne5+ 50. Ke2 Ke4 51. Rb8 Nc6 52. Rb6 Kd5 53. Ke3 Kc5 54. Rb7 Na5 55. Rc7+ Kd5 56. b3 Nc6 57. Kf4 Nd4 58. Rc4 1-0

[Event "Titled Tuesday intern op 09th Apr Late"]
[Site "Chess.com INT"]
[Date "2024.04.09"]
[Round "9"]
[White "Andrews, Todd D"]
[Black "Kolb, Tobias"]
[Result "0-1"]
[WhiteElo "2160"]
[BlackElo "2323"]
[PlyCount "60"]
[EventDate "2024.04.09"]
[EventType "swiss (blitz)"]
[EventRounds "11"]
[EventCountry "USA"]
[SourceTitle "EXT 2025"]
[Source "ChessBase"]
[SourceDate "2024.10.14"]
[SourceVersion "1"]
[SourceVersionDate "2024.10.14"]
[SourceQuality "1"]

1. e4 e5 2. Nf3 Nc6 3. Bb5 a6 4. Ba4 Nf6 5. 0-0 Be7 6. d4 b5 7. Bb3 Nxe4 8. dxe5 0-0 9. c3 Nc5 10. Bd5 Bb7 11. Nbd2 d6 12. exd6 Qxd6 13. Ne4 Qg6 14. Ng3 Rad8 15. Re1 Bf6 16. Be3 Na4 17. Qb3 Na5 18. Bxb7 Nxb3 19. axb3 Nxb2 20. Rxa6 Rfe8 21. h4 Qc2 22. h5 Bxc3 23. Rc1 Rd1+ 24. Rxd1 Nxd1 25. Bf4 Qxf2+ 26. Kh2 Ne3 27. Ng5 Qxf4 28. Nh3 Nf1+ 29. Kg1 Qxg3 30. Kxf1 Re1# 0-1

[Event "Titled Tuesday intern op 09th Apr Late"]
[Site "Chess.com INT"]
[Date "2024.04.09"]
[Round "10"]
[White "Kolb, Tobias"]
[Black "Gutierrez Olivares, Daniel"]
[Result "1-0"]
[WhiteElo "2323"]
[BlackElo "2354"]
[PlyCount "87"]
[EventDate "2024.04.09"]
[EventType "swiss (blitz)"]
[EventRounds "11"]
[EventCountry "USA"]
[SourceTitle "EXT 2025"]
[Source "ChessBase"]
[SourceDate "2024.10.14"]
[SourceVersion "1"]
[SourceVersionDate "2024.10.14"]
[SourceQuality "1"]

1. d4 e6 2. c4 Nf6 3. Nc3 c5 4. Nf3 cxd4 5. Nxd4 a6 6. e3 Qc7 7. Be2 Bb4 8. Bd2 Nc6 9. 0-0 Ne5 10. Rc1 Be7 11. b3 b6 12. f4 Ng6 13. e4 d6 14. f5 Ne5 15. Bf4 0-0 16. Kh1 Re8 17. Qe1 exf5 18. Nxf5 Bxf5 19. exf5 Bf8 20. Qg3 Qc5 21. Bg5 Ned7 22. Bf3 Rac8 23. Nd5 Nxd5 24. Bxd5 Ne5 25. Rce1 b5 26. Re4 bxc4 27. bxc4 Kh8 28. Rfe1 f6 29. Bf4 Qb4 30. Qb3 Qc5 31. Be3 Qa5 32. Bb6 Qd2 33. R4e2 Qg5 34. Be6 Rb8 35. a4 g6 36. Rf1 d5 37. cxd5 Bc5 38. a5 Bd6 39. Qg3 Ng4 40. Qxd6 Rb7 41. h3 Qh4 42. Kg1 Ne5 43. Rxe5 fxe5 44. Qxe5+ 1-0

[Event "Titled Tuesday intern op 09th Apr Early"]
[Site "Chess.com INT"]
[Date "2024.04.09"]
[Round "3"]
[White "Kolb, Tobias"]
[Black "Onyshchuk, Volodymyr"]
[Result "1-0"]
[WhiteElo "2323"]
[BlackElo "2619"]
[PlyCount "81"]
[EventDate "2024.04.09"]
[EventType "swiss (blitz)"]
[EventRounds "11"]
[EventCountry "USA"]
[SourceTitle "EXT 2025"]
[Source "ChessBase"]
[SourceDate "2024.10.14"]
[SourceVersion "1"]
[SourceVersionDate "2024.10.14"]
[SourceQuality "1"]

1. d4 d6 2. e4 Nf6 3. Nc3 g6 4. Be3 c6 5. f3 Nbd7 6. Qd2 b5 7. 0-0-0 b4 8. Nce2 a5 9. Kb1 h5 10. h4 Bg7 11. Nh3 Rb8 12. Ng5 a4 13. Nc1 Qc7 14. Bc4 Rf8 15. Rhe1 Qa5 16. e5 Nd5 17. exd6 e6 18. Bf4 Ba6 19. Bxa6 Qxa6 20. Ka1 Kd8 21. Be5 Bxe5 22. dxe5 c5 23. Nd3 b3 24. cxb3 axb3 25. a3 c4 26. Nf4 c3 27. Qd4 cxb2+ 28. Kxb2 N7b6 29. Nfxe6+ fxe6 30. Nxe6+ Kd7 31. Nxf8+ Rxf8 32. e6+ Kxd6 33. Qb4+ Kc6 34. Rc1+ Kb7 35. Qxf8 Na4+ 36. Kb1 Qd3+ 37. Ka1 b2+ 38. Ka2 bxc1Q 39. Rxc1 Qd2+ 40. Kb3 Qxc1 41. Qf7+ 1-0

[Event "Titled Tuesday intern op 09th Apr Early"]
[Site "Chess.com INT"]
[Date "2024.04.09"]
[Round "10"]
[White "Kolb, Tobias"]
[Black "Vrashank, Chouhan"]
[Result "1-0"]
[WhiteElo "2323"]
[BlackElo "2250"]
[PlyCount "67"]
[EventDate "2024.04.09"]
[EventType "swiss (blitz)"]
[EventRounds "11"]
[EventCountry "USA"]
[SourceTitle "EXT 2025"]
[Source "ChessBase"]
[SourceDate "2024.10.14"]
[SourceVersion "1"]
[SourceVersionDate "2024.10.14"]
[SourceQuality "1"]

1. e4 d6 2. d4 Nf6 3. Nc3 Nbd7 4. f4 e5 5. Nf3 exd4 6. Qxd4 c6 7. Be3 d5 8. exd5 Bc5 9. Qd3 0-0 10. 0-0-0 Ng4 11. Bxc5 Nxc5 12. Qd4 Qb6 13. h3 Nf6 14. d6 Rd8 15. Bc4 Be6 16. Ne5 Ne8 17. Bxe6 Nxe6 18. Qxb6 axb6 19. d7 Nf6 20. g3 Nc5 21. Rhe1 Ncxd7 22. Nxd7 Rxd7 23. Rxd7 Nxd7 24. Re7 Rd8 25. Re2 Kf8 26. Ne4 Re8 27. Kd2 Rd8 28. Kc3 b5 29. Rd2 Ke7 30. Nd6 g6 31. Nxb7 Rb8 32. Na5 Nb6 33. Nxc6+ Kf6 34. Nxb8 1-0

[Event "Titled Tuesday intern op 10th Oct Early"]
[Site "Chess.com INT"]
[Date "2023.10.10"]
[Round "9"]
[White "Kolb, Tobias"]
[Black "Iljin, Timofey"]
[Result "0-1"]
[WhiteElo "2302"]
[BlackElo "2285"]
[PlyCount "98"]
[EventDate "2023.10.10"]
[EventType "swiss (blitz)"]
[EventRounds "11"]
[EventCountry "USA"]
[SourceTitle "EXT 2025"]
[Source "ChessBase"]
[SourceDate "2024.10.14"]
[SourceVersion "1"]
[SourceVersionDate "2024.10.14"]
[SourceQuality "1"]

1. d4 Nf6 2. c4 c5 3. d5 d6 4. Nc3 g6 5. e4 Bg7 6. Nf3 e5 7. Be2 0-0 8. 0-0 Ne8 9. Ne1 f5 10. exf5 gxf5 11. f4 e4 12. Be3 Nf6 13. Kh1 Qe8 14. g3 Qg6 15. Ng2 Qf7 16. Rb1 Na6 17. a3 Nc7 18. b4 Ng4 19. Bxg4 Bxc3 20. Bh5 Qg7 21. bxc5 dxc5 22. Bxc5 Rd8 23. Ne3 b6 24. Bb4 Bd4 25. Qd2 a5 26. Nc2 Bf6 27. Rfd1 axb4 28. axb4 Ne6 29. Qc1 Nc7 30. Ne3 Qh6 31. Be2 Ra2 32. Rd2 Rxd2 33. Qxd2 Ne6 34. Nxf5 Qg6 35. Ne3 Nd4 36. c5 Bh3 37. c6 Nxc6 38. f5 Bxf5 39. Rf1 Nd4 40. Nxf5 Nxf5 41. g4 Nd4 42. Bc4 Kg7 43. Qf4 Nf3 44. d6 Be5 45. Qe3 Rxd6 46. Rxf3 exf3 47. Qxe5+ Qf6 48. Qxf6+ Kxf6 49. Kg1 Rd4 0-1

[Event "Titled Tuesday intern op 10th Oct Late"]
[Site "Chess.com INT"]
[Date "2023.10.10"]
[Round "5"]
[White "Kolb, Tobias"]
[Black "Kleibel, Uwe"]
[Result "0-1"]
[WhiteElo "2302"]
[BlackElo "2304"]
[PlyCount "108"]
[EventDate "2023.10.10"]
[EventType "swiss (blitz)"]
[EventRounds "11"]
[EventCountry "USA"]
[SourceTitle "EXT 2025"]
[Source "ChessBase"]
[SourceDate "2024.10.14"]
[SourceVersion "1"]
[SourceVersionDate "2024.10.14"]
[SourceQuality "1"]

1. e4 e5 2. Bc4 Nf6 3. Nc3 Nc6 4. d3 Bb4 5. Nge2 d5 6. exd5 Nxd5 7. 0-0 Nxc3 8. Nxc3 0-0 9. Kh1 Bxc3 10. bxc3 Qe7 11. f4 Be6 12. Bb5 exf4 13. Bxf4 Qc5 14. Bxc6 Qxc6 15. c4 Rad8 16. Qh5 b6 17. Rae1 Rfe8 18. h3 f6 19. Kh2 Bf7 20. Qg4 Kf8 21. Qg3 Rd7 22. Rxe8+ Bxe8 23. Re1 Bf7 24. Re3 a5 25. Qe1 Qc5 26. Qg3 g5 27. d4 gxf4 28. dxc5 fxg3+ 29. Kxg3 bxc5 30. Ra3 Bxc4 31. Rxa5 Be6 32. Rxc5 Kf7 33. a4 Rd4 34. Rxc7+ Kg6 35. a5 Ra4 36. Rc5 Ra2 37. Kf4 Kf7 38. Ke3 Ke7 39. Kd4 Kd6 40. g4 Ra4+ 41. c4 Ra1 42. Rb5 Rd1+ 43. Kc3 Rc1+ 44. Kd2 Rxc4 45. Kd3 Ra4 46. Rb6+ Ke5 47. Rb5+ Bd5 48. Kc3 Ra3+ 49. Kb4 Rb3+ 50. Kc5 Rxb5+ 51. Kxb5 Bg2 52. h4 Kf4 53. g5 fxg5 54. hxg5 Kxg5 0-1

[Event "Titled Tuesday intern op 10th Oct Early"]
[Site "Chess.com INT"]
[Date "2023.10.10"]
[Round "1"]
[White "Kolb, Tobias"]
[Black "Petersson, Kjell"]
[Result "1-0"]
[WhiteElo "2302"]
[BlackElo "2040"]
[PlyCount "91"]
[EventDate "2023.10.10"]
[EventType "swiss (blitz)"]
[EventRounds "11"]
[EventCountry "USA"]
[SourceTitle "EXT 2025"]
[Source "ChessBase"]
[SourceDate "2024.10.14"]
[SourceVersion "1"]
[SourceVersionDate "2024.10.14"]
[SourceQuality "1"]

1. d4 f5 2. c4 Nf6 3. Nc3 e6 4. g3 d5 5. Bg2 c6 6. Nf3 Bd6 7. 0-0 0-0 8. Qc2 b6 9. b3 Ne4 10. Bf4 Bxf4 11. gxf4 Bb7 12. Ne5 Nd7 13. Rac1 Nxe5 14. fxe5 Kh8 15. Nxe4 fxe4 16. f3 exf3 17. Rxf3 Rxf3 18. exf3 Qh4 19. Qf2 Qg5 20. f4 Qg6 21. Qg3 Qh6 22. Qg5 Qxg5 23. fxg5 Rf8 24. cxd5 exd5 25. Rf1 Kg8 26. Rxf8+ Kxf8 27. Kf2 Bc8 28. b4 Kf7 29. Ke3 Kg6 30. Kf4 h6 31. gxh6 gxh6 32. Bf3 h5 33. b5 Bd7 34. h4 Be8 35. Bg2 Bd7 36. a3 Kh6 37. e6 Bxe6 38. bxc6 Kg6 39. Ke5 Bc8 40. Bxd5 a6 41. Be6 Bxe6 42. Kxe6 b5 43. c7 b4 44. c8Q bxa3 45. Qg8+ Kh6 46. Kf6 1-0